Elsőként Rókuson... Ipari tv-adás és vétel az általános iskolai oktatás szolgálatában
Elmentve itt :
| Szerzők: | |
|---|---|
| Dokumentumtípus: | Cikk |
| Megjelent: |
1965-05-05
|
| Sorozat: | Délmagyarország
55 No. 104 |
| Kulcsszavak: | Oktatásügy fejlesztés Szeged 1965, általános iskola |
| Online Access: | http://dmarchiv.bibl.u-szeged.hu/73567 |
| LEADER | 00611nab a2200169 i 4500 | ||
|---|---|---|---|
| 001 | delm73567 | ||
| 005 | 20180928082625.0 | ||
| 008 | 180928s1965 hu o 0|| hun d | ||
| 040 | |a SZTE Délmagyarország Archívum |b hun | ||
| 041 | |a hun | ||
| 100 | 1 | |a Lődi Ferenc | |
| 245 | 1 | 0 | |a Elsőként Rókuson... Ipari tv-adás és vétel az általános iskolai oktatás szolgálatában |h [elektronikus dokumentum] / |c Lődi Ferenc |
| 260 | |c 1965-05-05 | ||
| 300 | |a 6 | ||
| 490 | 0 | |a Délmagyarország |v 55 No. 104 | |
| 695 | |a Oktatásügy fejlesztés Szeged 1965, általános iskola | ||
| 700 | 0 | 2 | |a Somogyi Károlyné Neurohr Magdolna |e aut |